| 000 | 00415nam a2200157Ia 4500 | ||
|---|---|---|---|
| 008 | 230917s9999||||xx |||||||||||||| ||und|| | ||
| 020 | _cPOU10 | ||
| 040 |
_e7501 _aMAIN |
||
| 041 | _aEnglish | ||
| 082 | _a332.1095125 J27B | ||
| 100 | _aJao, Y C | ||
| 245 | 0 | _aBanking and currency in Hong Kong: a study of postwar financial development | |
| 260 |
_aLondon _bMacmillan _c1974 |
||
| 300 | _a351 p. | ||
| 942 | _cBK | ||
| 999 |
_c226203 _d226203 |
||